| 000 | 01567nam a2200397 a 4500 | ||
|---|---|---|---|
| 001 | ebr10426315 | ||
| 003 | CaPaEBR | ||
| 006 | m u | ||
| 007 | cr cn||||||||| | ||
| 008 | 100917s2010 enkab sb 001 0beng d | ||
| 010 | _z 2010513239 | ||
| 015 |
_aGBA9B4473 _2bnb |
||
| 016 | 7 |
_z015427963 _2Uk |
|
| 020 | _z9781848851344 (hbk.) | ||
| 020 | _z1848851340 (hbk.) | ||
| 040 |
_aCaPaEBR _cCaPaEBR |
||
| 035 | _a(OCoLC)671655779 | ||
| 043 |
_aa-iq--- _ae-uk--- |
||
| 050 | 1 | 4 |
_aDS79.6.C69 _bT69 2010eb |
| 082 | 0 | 4 |
_a956.7041092 _222 |
| 100 | 1 | _aTownsend, John. | |
| 245 | 1 | 0 |
_aProconsul to the Middle East _h[electronic resource] : _bSir Percy Cox and the end of empire / _cJohn Townsend. |
| 260 |
_aLondon : _bI. B. Tauris, _c2010. |
||
| 300 |
_axx, 232 p. : _bill., map. |
||
| 504 | _aIncludes bibliographical references (p. [219]-224) and index. | ||
| 533 |
_aElectronic reproduction. _bPalo Alto, Calif. : _cebrary, _d2013. _nAvailable via World Wide Web. _nAccess may be limited to ebrary affiliated libraries. |
||
| 600 | 1 | 0 |
_aCox, Percy, _d1864-1937. |
| 650 | 0 |
_aColonial administrators _zGreat Britain _vBiography. |
|
| 650 | 0 |
_aColonial administrators _zIraq _vBiography. |
|
| 651 | 0 |
_aIraq _xHistory _yRevolt, 1920. |
|
| 651 | 0 |
_aIraq _xHistory _yHashemite Kingdom, 1921-1958. |
|
| 651 | 0 |
_aIraq _xPolitics and government _y1921-1958. |
|
| 655 | 7 |
_aElectronic books. _2local |
|
| 710 | 2 | _aebrary, Inc. | |
| 856 | 4 | 0 |
_uhttp://site.ebrary.com/lib/rucke/Doc?id=10426315 _zAn electronic book accessible through the World Wide Web; click to view |
| 999 |
_c142772 _d142772 |
||